|
|
|
|
| LEADER |
00000naa2a2200000 4500 |
| 001 |
623530 |
| 005 |
20231101133252.0 |
| 035 |
|
|
|a (RuTPU)RU\TPU\conf\22503
|
| 035 |
|
|
|a RU\TPU\conf\22502
|
| 090 |
|
|
|a 623530
|
| 100 |
|
|
|a 20170822d2017 k y0rusy50 ca
|
| 101 |
0 |
|
|a rus
|
| 102 |
|
|
|a RU
|
| 105 |
|
|
|a y z 100zy
|
| 135 |
|
|
|a drgn ---uucaa
|
| 181 |
|
0 |
|a i
|
| 182 |
|
0 |
|a b
|
| 200 |
1 |
|
|a Развитие арктического туризма
|f Д. С. Калашникова, А. А. Алаев, С. А. Иштунов
|g науч. рук. В. Б. Романюк
|
| 203 |
|
|
|a Текст
|c электронный
|
| 225 |
1 |
|
|a Экономика минерального сырья и углеводородного сырья. Природоресурсное право
|
| 230 |
|
|
|a 1 компьютерный файл (pdf; 413 Kb)
|
| 300 |
|
|
|a Заглавие с экрана
|
| 320 |
|
|
|a [Библиогр.: с. 816 (2 назв.)]
|
| 461 |
|
1 |
|0 (RuTPU)RU\TPU\conf\21932
|t Проблемы геологии и освоения недр
|o труды XXI Международного симпозиума имени академика М. А. Усова студентов и молодых ученых, посвященного 130-летию со дня рождения профессора М. И. Кучина, Томск, 3-7 апреля 2017 г.
|o в 2 т.
|f Национальный исследовательский Томский политехнический университет (ТПУ), Институт природных ресурсов (ИПР) ; под ред. А. С. Боева
|d 2017
|
| 463 |
|
1 |
|0 (RuTPU)RU\TPU\conf\21938
|t Т. 2
|v [С. 815-816]
|d 2017
|
| 610 |
1 |
|
|a труды учёных ТПУ
|
| 610 |
1 |
|
|a электронный ресурс
|
| 610 |
1 |
|
|a арктический туризм
|
| 610 |
1 |
|
|a экономический рост
|
| 610 |
1 |
|
|a кластерная политика
|
| 610 |
1 |
|
|a туристические проекты
|
| 610 |
1 |
|
|a конкурентоспособность
|
| 700 |
|
1 |
|a Калашникова
|b Д. С.
|
| 701 |
|
1 |
|a Алаев
|b А. А.
|
| 701 |
|
1 |
|a Иштунов
|b С. А.
|
| 702 |
|
1 |
|a Романюк
|b В. Б.
|c экономист
|c старший преподаватель Томского политехнического университета
|f 1964-
|g Вера Борисовна
|2 stltpush
|4 727
|
| 712 |
0 |
2 |
|a Национальный исследовательский Томский политехнический университет (ТПУ)
|b Институт природных ресурсов (ИПР)
|b Кафедра экономики природных ресурсов (ЭПР)
|h 3659
|2 stltpush
|3 (RuTPU)RU\TPU\col\18668
|
| 801 |
|
2 |
|a RU
|b 63413507
|c 20170905
|g RCR
|
| 856 |
4 |
|
|u http://earchive.tpu.ru/handle/11683/42283
|
| 942 |
|
|
|c BK
|